000 004230000a22001690004500
003 LK-CoMWRAF
005 20240203113308.0
008 230817t ||||| |||| 00| 0 eng d
040 _aLK-CoMWRAF
_dLK-CoMWRAF
_eLK-CoMWRAF
041 _aeng
082 _a646.4
_bELA
245 _aElated Modern Neck Designs
260 _aDelhi:
_bFasion & Arts Communications,
300 _a72 p.
650 _aNECK DESIGNS
942 _cBK
999 _c1291
_d1291